[Event "Bretagne-ch U14/16 Girls"]
[Site "Ploermel"]
[Date "2007.02.14"]
[Round "2"]
[White "Herpe, Marine"]
[Black "Novello, Celia"]
[Result "0-1"]
[WhiteElo "1120"]
[BlackElo "1340"]
[PlyCount "50"]
[EventDate "2007.02.13"]
[EventType "tourn"]
[EventRounds "6"]
[EventCountry "FRA"]
[SourceTitle "EXT 2008"]
[Source "ChessBase"]
[SourceDate "2007.11.25"]
[SourceVersion "1"]
[SourceVersionDate "2007.11.25"]
[SourceQuality "1"]

1. e4 e5 2. Nf3 Nc6 3. Nc3 Bb4 4. d3 Nf6 5. b3 Bxc3+ 6. Bd2 Bxa1 7. Qxa1 0-0 8. Nxe5 Nxe5 9. Qxe5 d6 10. Qd4 Re8 11. Bg5 Re6 12. f4 Bd7 13. f5 Re8 14. Be2 c5 15. Qc4 d5 16. Qxc5 dxe4 17. d4 e3 18. Qc4 Bxf5 19. Bh5 Be6 20. Qd3 g6 21. Be2 Bf5 22. Bxf6 Qxf6 23. Qb5 Qxd4 24. Qxb7 Qa1+ 25. Bd1 e2 0-1